00901 a2200133 4500020001800000082002000018100002100038245005400059260005900113300002200172505051300194650004000707700002000747 a9788489771383 a777.801bST876h aFrampton, Hollis aEspeculaciones.bEscritos sobre cine y fotografia aBarcelonabMuseu d'Art Contemporani de Barcelonac2007 a124 pbillc21 cm tIntroduccion George StolztUna conferencia (1968)tPara una metahistoria del cine: nota e hipotesis a partir de un lugar comun (1971)tNotas sobre (nostalgia) (1971)tPentagrama para conjurar la narracion (1972)tDigresiones sobre la agonia fotografica (1972)tNotas mentales (1973)tEadweard Muybridge: fragmentos de un hipercubo (1973)tIncisiones en la historia/ Segmentos eternidad (1974)tLa decadencia del estado del arte (1974)tFilmografiatSeleccion bibliografica dse los escritos de Hollis Frampton afotografiaxcinematografiaxensayos aHollis Frampton